00938naa a22002657a 4500001001000000003000900010005001700019007000300036008003400039040005400073041000900127072002000136100001600156100001800172245008200190500010500272773009400377650001700471650001000488650000900498650001900507650001300526650002200539490011100561BR7801002BR-BrBNA20250714162940.0ta250630b bl.|||m| |||| 00| 0 por d aBR-BrBNAbporcBiblioteca Nacional de Agricultura a(Pt) aF25b0150bG5141 aBacha, R.E.1 aScherer, C.H.1 aSolos e adubacao [arroz irrigado, Oryza sativa, variedade, Rio Grande do Sul] aGuia de producao de arroz; 1978 Cachoeirinha, RS (Brasil): 1978. p. 19-25 [10 ref.] (BR7801002-AMS) 0 tGuia de producao de arroz; 1978wF25 BR7801002gCachoeirinha, RS (Brasil), 1978. p. 19-25 aFERTILIZANTE aARROZ aSOLO aARROZ IRRIGADO aADUBACAO aRIO GRANDE DO SUL aRecomendacao da Pesquisa - Instituto Rio Grandense do Arroz. Estacao Experimental do Arroz (Brazil)vno. 1